000 00381cam a22001337a 4500
008 180718b1956 xxu||||| |||| 00| 0 eng d
082 _aK9 B625
100 _aBlum, Milton, L.
245 _aIndustrial psychology and its social foundations
_cby Milton, L. Blum
250 _arev. ed.
260 _aNew York
_bHarper
_c1956
300 _a612p.
650 _aIndustrial psychology --USA
999 _c432850
_d432850